• 首页
  • 本馆介绍
  • 公告通知
  • 最新文献
  • 馆藏检索
  • 电子资源
  • 读者导购
  • 参考咨询
  • 我的图书馆
  • 登录
  • 详细信息显示
  • 放入我的书架
  • 预约/预借图书
  • 作者相关作品
  • 分类相关作品
  • 丛书相关作品
  • 出版社相关作品

书目信息

  • 表格格式
  • 工作单格式
  • 卡片格式
题名:
狡猾的列那狐
    
 
作者: 玛·阿希·季诺 著
分册:  
出版信息: 长春   吉林出版集团股份有限公司  2017
页数: 47页
开本: 17cm
丛书名: 经典童话绘本
单 册:
中图分类: H125.4
科图分类:
主题词: 汉语拼音--儿童读物
电子资源:
ISBN: 978-7-5581-1346-8
000 00938oam2 2200253 45
001 012001011846
005 20140103104009.0
010    @a978-7-5581-1346-8@dCNY27.80
100    @a20181027d2016 em y0chiy0110 ea
101 0  @achi
102    @aCN@b220000
105    @ay z 000yy
106    @ar
200 1  @a狡猾的列那狐@Ajiao hua de lie na hu@f(法)玛·阿希·季诺著
210    @a长春@c吉林出版集团股份有限公司@d2017
215    @a47页@d17cm
225 2  @a经典童话绘本
330    @a本书主要讲述的是一只名叫列那的狐狸,它代表着新兴的市民阶级。在面对狮王的强权、灰狼的霸道、雄鸡的弱小无助时,列那总是能以自己的聪明机警左右逢源。它一方面欺压平民百姓,一方面同强权豪门勾心斗角,乃至战胜强大的对手,故事生动有趣。
410  0 @12001 @a经典童话绘本
606 0  @a汉语拼音@x儿童读物
690    @aH125.4@v5
701  0 @c(法)@a玛·阿希·季诺@Ama · a xi · ji nuo@4著
801  0 @aCN@b上海新华@c20191020
905    @b1138924-7@dH125.4@e43@f4
    
    狡猾的列那狐/(法)玛·阿希·季诺著.-长春:吉林出版集团股份有限公司,2017
    47页;17cm.-(经典童话绘本)
    
    
    ISBN 978-7-5581-1346-8:CNY27.80
    本书主要讲述的是一只名叫列那的狐狸,它代表着新兴的市民阶级。在面对狮王的强权、灰狼的霸道、雄鸡的弱小无助时,列那总是能以自己的聪明机警左右逢源。它一方面欺压平民百姓,一方面同强权豪门勾心斗角,乃至战胜强大的对手,故事生动有趣。
●
相关链接 在E读中查询图书 在五车中查询图书 在当当中查询图书 在豆瓣中查询图书


正题名:狡猾的列那狐     索取号:H125.4/43         预约/预借

序号 登录号 条形码 馆藏地/架位号 状态 备注
1 1138924   211389246   第二样本阅览室/ [索取号:H125.4/43] 在馆    
2 1138925   211389255   第四借阅区/ [索取号:H125.4/43] 在馆    
3 1138926   211389264   第四借阅区/ [索取号:H125.4/43] 在馆    
4 1138927   211389273   第四借阅区/ [索取号:H125.4/43] 在馆    
唐山师范学院图书馆 欢迎您!
大连网信软件有限公司© 版权所有